Tendencias actuales de la gramática /

Guardado en:
Autor Principal: Kovacci, Ofelia
Formato: Libro
Publicado: Buenos Aires : Marymar
Series:La linguística hoy
Materias:
Etiquetas: Agregar Etiqueta
Sin Etiquetas, Sea el primero en etiquetar este registro!
LEADER 00733nam a22001935a 4500
001 CEM.cems012716
005 20070925185519.0
008 130507b######################000#0#####d
003 CEMS
082 0 4 |a 465 
100 1 |a Kovacci, Ofelia 
245 1 0 |a Tendencias actuales de la gramática /  |c Ofelia Kovacci 
260 |a Buenos Aires :  |b Marymar 
300 |a 249 p. 
490 0 |a La linguística hoy 
505 0 |a Ferdinand de Saussure -- Escuela de Praga -- Glosemática -- Estructuralismo norteamericano -- Gramática generativa transformacional -- Otras teorías estructuralistas -- Recientes avances de la gramática 
653 |a Gramática 
653 |a Gramática-teorías 
859 |a CEMS  |b BIB. CEMS - 11 de abril  |h 465  |i K849  |p 23987.07  |t Ej.1